000 00504nam a2200181Ia 4500
003 GCL
008 140319s9999 xx 000 0 ara d
040 _aGCL /
_cGCL
082 0 4 _a001.6424
_bو ل
100 1 _aوليامس , ستيف
245 1 0 _aبرمجة الماكنتوش بلغة التجميع /
_cوليامس , ستيف
300 _a375 ص
490 _a
650 0 4 _aالحاسبات الالكترونية
650 0 4 _aالبرامج
650 0 4 _aماكنتوش
942 _2ddc
_cBK
999 _c40720
_d40720